| 000 | 00851nam a2200205Ia 4500 | ||
|---|---|---|---|
| 003 | OSt | ||
| 005 | 20250210150948.0 | ||
| 008 | 210210b2004 xxu||||| |||| 00| 0 eng d | ||
| 040 | _cAL | ||
| 041 | _aKannada | ||
| 082 | _aK894.9 JAYS | ||
| 100 |
_aJAYAPRAKASHA MAVINAKULI. _9138801 _dಜಯಪ್ರಕಾಶ್ ಮಾವಿನಕುಳಿ |
||
| 245 |
_aShivapura kambara namaskara: Padmashri Da. Chandrashekhara kambara abhinandana grantha. _bಶಿವಪುರ ಕಂಬಾರ ನಮಸ್ಕಾರ : ಪದ್ಮಶ್ರೀ ಡಾI ಚಂದ್ರಶೇಖರ ಕಂಬಾರರ ಅಭಿನಂದನಾ ಗ್ರಂಥ |
||
| 260 |
_aMudubidire _bChandrashekhara kambara abhinandana samiti _c2004 |
||
| 300 | _a272 | ||
| 650 |
_aChandrashekara kambara _9138802 |
||
| 690 |
_aKannada Criticism _9138803 |
||
| 906 | _a059944 | ||
| 942 |
_2ddc _cBK |
||
| 999 |
_c107033 _d107033 |
||